Sobre el Estado: cursos en el Collège de France, 1989-1992
Shranjeno v:
| Glavni avtor: | |
|---|---|
| Format: | Knjiga |
| Jezik: | španščina |
| Izdano: |
Barcelona, España
Anagrama
2014
|
| Serija: | Colección Argumentos.
466 |
| Teme: | |
| Oznake: |
Označite
Brez oznak, prvi označite!
|
MARC
| LEADER | 00000cam a2200000 a 4500 | ||
|---|---|---|---|
| 001 | UCE5947 | ||
| 003 | CL-VaPUC | ||
| 005 | 20240826144617.0 | ||
| 008 | 150312e20141100sp |||||||||||||||||spa|d | ||
| 999 | |c 358462 |d 358460 | ||
| 020 | |a 9788433963697 | ||
| 040 | |c Pontificia Universidad Católica de Valparaíso | ||
| 082 | 0 | 4 | |a 320.101 BOU 2014 |2 21 |
| 100 | 0 | |a Bourdieu, Pierre |9 308635 | |
| 245 | 1 | 0 | |a Sobre el Estado: cursos en el Collège de France, 1989-1992 |
| 260 | 0 | 3 | |a Barcelona, España |b Anagrama |c 2014 |
| 300 | |a 577 páginas | ||
| 490 | 0 | |a Colección Argumentos. |v 466 | |
| 583 | |a last modification |c 20170530 05:45:42 |k Rodrigo Vera | ||
| 650 | 0 | |a Sociología política |9 255920 | |
| 650 | 0 | |a Estado |9 255503 | |
| 650 | 0 | |a Ciencias Políticas |9 255201 | |
| 650 | 7 | |a FILOSOFIA POLITICA |2 CL-VaPUC |9 578617 | |
| 942 | |c BK |2 ddc | ||
| 945 | |d 20150312 12:37:00 |a arojas | ||
| 952 | |0 0 |1 0 |2 ddc |3 erb |4 0 |6 320_101000000000000_BOU_2014 |7 0 |8 A |9 467169 |a BIBHIS |b BIBHIS |i 5140110 |l 1 |m 1 |o 320.101 BOU 2014 |p 5140110 |r 2025-01-20 |s 2024-04-24 |t 1 |w 2019-11-23 |y BK |z Catalogado en:20150312 |k HIS | ||